000
00324nam a2200133Ia 4500
008
151213s9999 xx 000 0 und d
100
_a
Watt Whitman
245
_a
Sons & My Self
_c
Watt Whitman
300
_a
4885 p.
650
_a
English Literature
650
_a
English Literature
700
_a
Watt Whitman
999
_c
3070
_d
3070